| 000 | 00689nam a22002172 4500 | ||
|---|---|---|---|
| 001 | 0000023785 | ||
| 005 | 20151217154506.0 | ||
| 008 | 130325s xx 000 0 eng d | ||
| 020 | _a9966083448 : | ||
| 040 |
_aKABU _cKABU |
||
| 100 | 1 |
_aHiiboro, Kussala Eduardo. _@0000183492 |
|
| 245 | 1 | 0 |
_aHuman rights, the church and post-war Sudan / _cKussala Eduardo Hiiboro. |
| 250 | _a1st ed. | ||
| 260 |
_aNairobi : _bPaulines, _c2008. |
||
| 300 | _a343 p. | ||
| 650 | 0 |
_aHuman rights _zSudan. _@0000183493 |
|
| 650 | 0 |
_aHuman rights _xreligious aspects _xChristianity. _@0000183494 |
|
| 852 | 1 | _9p900 KES | |
| 908 | _a130325 | ||
| 950 | _@1 | ||
| 999 |
_c11489 _d11489 |
||